Plants
| Main Author: | |
|---|---|
| Format: | Book |
| Published: |
New York :
Random House ,
1993
|
| Series: | Young World
|
| Subjects: |
MARC
| LEADER | 00000cam a2200000 7i4500 | ||
|---|---|---|---|
| 001 | 0000008586 | ||
| 002 | 000009358 | ||
| 005 | 20000330.0 | ||
| 020 | |a 067984161X | ||
| 090 | 0 | 0 | |a J 581 |b FUS |
| 100 | 1 | |a Fustec, Fabienne | |
| 245 | 1 | 0 | |a Plants |c Fabienne Fustec |
| 260 | |a New York : |b Random House , |c 1993 | ||
| 300 | |a 125 p. : |b ill. ; |c 17 cm. | ||
| 490 | 0 | |a Young World | |
| 650 | 0 | 0 | |a Plants ecology |x Juvenile literature |
| 999 | |a 048754 |b BUKU |c PINJAMAN |e PERPUSTAKAAN KOMUNITI PETALING JAYA | ||